| 000 | 02070cam a2200289 a 4500 | ||
|---|---|---|---|
| 999 |
_c43791 _d43791 |
||
| 001 | 16107497 | ||
| 005 | 20181001083855.0 | ||
| 008 | 100225s2010 ilua b 001 0 eng | ||
| 010 | _a 2010008328 | ||
| 020 | _a9780830838837 | ||
| 020 | _a083083883X | ||
| 035 | _a(OCoLC)ocn542321794 | ||
| 245 | 0 | 0 |
_aKeeping God's earth : _bthe global environment in biblical perspective / _cedited by Noah J. Toly and Daniel I. Block. |
| 260 |
_aDowners Grove, Ill. : _bIVP Academic ; _aNottingham, England : _bApollos, _cc2010. |
||
| 300 |
_a300 p. : _bill. ; _c23 cm. |
||
| 336 | _atext | ||
| 337 | _aunmediated | ||
| 338 | _avolume | ||
| 504 | _aIncludes bibliographical references (p. [276]-284) and indexes. | ||
| 505 | 0 | 0 |
_gIntroduction: _tKeeping God's earth-- toward an evangelical response to environmental challenges / _rNoah J. Toly, _rDaniel I. Block -- _tEschatology and environmental ethics: on the importance of biblical theology to creation care / _rDouglas Moo -- _tCities and the global environment / _rNoah J. Toly -- _tA biblical theology of the city and the environment: human community in the created order / _rM. Daniel Carroll R. -- _tThe diversity of life: its loss and conservation / _rFred Van Dyke -- _tTo serve and to keep: toward a biblical understanding of humanity's responsibility in the face of the biodiversity crisis / _rDaniel I. Block -- _tWater for life: global freshwater resources / _rMichael Guebert -- _tA biblical theology of water: plenty, food, and drought in the created order / _rDavid Toshio Tsumura -- _tThe changing global climate: evidence, impacts, adaptation and abatement / _rSir John Houghton -- _t"The earth is the Lord's": biblical foundations for global ecological ethics and mission / _rChristopher J. H. Wright -- _tEnvironmental ethics: bringing creation care down to earth / _rDavid Gushee. |
| 650 | 0 |
_aHuman ecology _xReligious aspects _xChristianity. |
|
| 650 | 0 |
_aHuman ecology _xBiblical teaching. |
|
| 650 | 0 | _aEvangelicalism. | |
| 700 | 1 |
_aToly, Noah. _4edt |
|
| 700 | 1 |
_aBlock, Daniel Isaac, _d1943- _4edt |
|
| 942 |
_2lcc _cBK |
||